Colección de romances mímico-dramáticos y de cuentos en variedad de metros / (Record no. 41715)

MARC details
000 -LEADER
campo de control de longitud fija 00581nam a2200169 i 4500
001 - NÚMERO DE CONTROL
campo de control 41715
003 - IDENTIFICADOR DE NÚMERO DE CONTROL
campo de control ES-MaACL
005 - FECHA Y HORA DE LA ÚLTIMA TRANSACCIÓN
campo de control 20230915210256.0
007 - CAMPO FIJO DE DESCRIPCIÓN FÍSICA--INFORMACIÓN GENERAL
campo de control de longitud fija t|
008 - DATOS DE LONGITUD FIJA--INFORMACIÓN GENERAL
campo de control de longitud fija 030311s1844 sp ||||1| spa d
100 1# - ENTRADA PRINCIPAL--NOMBRE DE PERSONA
Nombre de persona Castellanos de Losada, Basilio Sebastián,
Fechas asociadas al nombre 1807-1891
9 (RLIN) 36540
245 10 - MENCIÓN DEL TÍTULO
Título Colección de romances mímico-dramáticos y de cuentos en variedad de metros /
Mención de responsabilidad, etc. Basilio Sebastián Castellanos.
260 ## - PUBLICACIÓN, DISTRIBUCIÓN, ETC.
Lugar de publicación, distribución, etc. Madrid :
Nombre del editor, distribuidor, etc. [s.n.],
Fecha de publicación, distribución, etc. 1844 (
Fabricante Impr. de José Repullés)
300 ## - DESCRIPCIÓN FÍSICA
Extensión 258 p. ;
Dimensiones 18 cm.
852 ## - LOCALIZACIÓN
Ubicación ES-MaACL
Número de control de estantería T-343-F-11
Holdings
Estatus retirado Estado de pérdida Estado de daño No para préstamo Colección Biblioteca de origen Biblioteca actual Ubicación en estantería Fecha de adquisición Fuente de adquisición Total de préstamos Signatura topográfica completa Código de barras Visto por última vez Precio de reemplazo Tipo de ítem Koha
        Colección de folletos Biblioteca del Ateneo de Madrid Biblioteca del Ateneo de Madrid Depósito folletos 17/01/2008     T-343-F-11 1043915 23/02/2023 23/02/2023 Folleto